|
|
|
|
| LEADER |
01983nam a2200421 i 4500 |
| 001 |
EBC4810490 |
| 003 |
MiAaPQ |
| 005 |
20200923020339.0 |
| 006 |
m o d | |
| 007 |
cr cnu|||||||| |
| 008 |
170306t20172017enka ob 000 0 eng d |
| 020 |
|
|
|z 9781787143876
|
| 020 |
|
|
|a 9781787143883 (e-book)
|
| 035 |
|
|
|a (MiAaPQ)EBC4810490
|
| 035 |
|
|
|a (Au-PeEL)EBL4810490
|
| 035 |
|
|
|a (CaPaEBR)ebr11350274
|
| 035 |
|
|
|a (OCoLC)973325250
|
| 040 |
|
|
|a MiAaPQ
|b eng
|e rda
|e pn
|c MiAaPQ
|d MiAaPQ
|
| 050 |
|
4 |
|a HM538
|b .U675 2017
|
| 082 |
0 |
|
|a 300.723
|2 23
|
| 245 |
0 |
4 |
|a The upside of cultural differences :
|b towards a more balanced treatment of culture in cross-cultural management research /
|c guest editors Gunter K. Stahl.
|
| 264 |
|
1 |
|a [Bradford, England] :
|b Emerald Publishing Limited,
|c 2017.
|
| 264 |
|
4 |
|c 2017
|
| 300 |
|
|
|a 1 online resource (192 pages) :
|b illustrations.
|
| 336 |
|
|
|a text
|2 rdacontent
|
| 337 |
|
|
|a computer
|2 rdamedia
|
| 338 |
|
|
|a online resource
|2 rdacarrier
|
| 490 |
0 |
|
|a Cross Cultural & Strategic Management,
|x 2059-5794 ;
|v Volume 24 Number 1
|
| 504 |
|
|
|a Includes bibliographical references.
|
| 588 |
|
|
|a Description based on online resource; title from PDF cover (ebrary, viewed March 6, 2017).
|
| 590 |
|
|
|a Electronic reproduction. Ann Arbor, MI : ProQuest, 2016. Available via World Wide Web. Access may be limited to ProQuest affiliated libraries.
|
| 650 |
|
0 |
|a Social surveys
|x Methodology.
|
| 650 |
|
0 |
|a Social sciences
|x Research.
|
| 655 |
|
4 |
|a Electronic books.
|
| 700 |
1 |
|
|a Stahl, Gunter K.,
|e editor.
|
| 776 |
0 |
8 |
|i Print version:
|t Upside of cultural differences : towards a more balanced treatment of culture in cross-cultural management research.
|d [Bradford, England] : [Emerald Publishing Limited], c2017
|h 191 pages
|k Cross Cultural & Strategic Management ; Volume 24 Number 1
|z 9781787143876
|
| 797 |
2 |
|
|a ProQuest (Firm)
|
| 856 |
4 |
0 |
|u https://ebookcentral.proquest.com/lib/matrademy/detail.action?docID=4810490
|z Click to View
|